| 000 | 00749nam a2200253 4500 | ||
|---|---|---|---|
| 003 | OSt | ||
| 005 | 20260530115300.0 | ||
| 008 | 260418b2006 arg |||| |||| 00| 0 spa d | ||
| 020 | _a9879393414 | ||
| 040 |
_aICI _bspa _cICI |
||
| 041 | _aspa | ||
| 050 |
_aT324 _bL45 |
||
| 100 | 1 |
_aLeiro, Reinaldo J., _d1930- _931119 |
|
| 245 | 1 | 0 |
_aDiseño : _bestrategia y visión / _cReinaldo J. Leiro |
| 264 | 1 |
_bEdiciones Infinito, _c2006 _aBuenos Aires, Argentina : |
|
| 300 |
_a220 páginas _bilustraciones |
||
| 336 |
_atexto _2rdacontent |
||
| 337 |
_asin medio _2rdamedia |
||
| 338 |
_avolumen _2rdacarrier |
||
| 490 | _aBiblioteca de diseño | ||
| 650 |
_aMercadotecnia _xDiseño _931120 |
||
| 655 |
_2 local _aLibros electrónicos. |
||
| 942 |
_cBK _2ddc |
||
| 999 |
_c12813 _d12813 |
||